BIBLIOTECA Y CENTRO DE DOCUMENTACIÓN
Vista normal Vista MARC
  • Lewis, C. S.

Entrada Personal Name

Número de registros utilizados en: 3

001 - CONTROL NUMBER

  • control field: 12102

003 - CONTROL NUMBER IDENTIFIER

  • control field: AR-MoUNM

005 - DATE AND TIME OF LATEST TRANSACTION

  • control field: 20171004154542.0

008 - FIXED-LENGTH DATA ELEMENTS

  • fixed length control field: 171004|| aca||aabn | a|a d

040 ## - CATALOGING SOURCE

  • Original cataloging agency: AR-MoUNM

100 ## - HEADING--PERSONAL NAME

  • Personal name: Lewis, C. S.
  • Dates associated with a name: 1898-1963
  • Fuller form of name: (Clive Staples),
Biblioteca UNM
Universidad Nacional de Moreno
Av. Bme. Mitre Nº 1891 (B1744OHC) Moreno
Provincia de Buenos Aires, República Argentina
(0237) 460-9300 (líneas rotativas)
(011) 2078-9170 (líneas rotativas)
biblioteca@unm.edu.ar
Universidad del Bicentenario Argentino